000 00550nam a22001817a 4500
020 _a8182200180
_c0.00
035 _aB-160786
037 _aDPL
082 _a811.08
100 _aBanabhatta
245 _aKadambari /
_cby Banabhatta [edited] by S. N. Tiwari
260 _aDelhi
_bGlobal Vision
_c2004
270 _a19A/E, GTB Enclave
_bDelhi
_e110093
300 _av,136p.
_c21cm(Hb)
490 _aGlobal Sanskrit Literature Series in English-11
500 _aTranslated by S. K. Chaturvedi
942 _2ddc
_cEN
_mBAN
_h811.08
999 _c152361
_d152361